Responses for Show #5931 - Monday, May 31, 2010

Contestants

[<< previous game]

Cathy Melocik, an editor for a business school from Wilder, Vermont

Sally Ronald, a graduate student in Russian studies from Portland, Indiana

Aaron Ammerman, a program analyst for the Department of Navy from Arlington, Virginia (whose 1-day cash winnings total $26,000)

[next game >>]

Jeopardy! Round responses

A PARIS CHRONOLOGY
HEISMAN TROPHY WINNERS
FASHION
STATE THE STATE
COOKING WEIGHTS & MEASURES
SILENT-LETTERED WORDS
    $200 26
the Seine

Cathy
    $200 1
Bo Jackson

Cathy
    $200 2
a poncho

Aaron
    $200 11
Louisiana

Cathy
    $200 21
a pinch

Cathy
    $200 16
a plumber

Aaron
    $400 27
Rome

Sally
    $400 3
(Doug) Flutie

Sally
    $400 5
a purse

Sally
    $400 12
Montana

Sally
    $400 22
butter

Cathy
    $400 17
a knife

Aaron
    $600 28
the Bastille

Cathy
    $600 4
Roger Staubach

Cathy
    $600 7
polka dot

Aaron
    $1,000 13
South Dakota, Nebraska, Kansas

Sally
    $600 23
(Cathy: What is a pound?)

a pint

AaronCathy
    $600 18
a crumb

Sally
    $800 29
1940

Aaron
    $800 6
USC (University of Southern California)

Cathy
    $800 8
rep

Triple Stumper
    $800 14
New Hampshire

Cathy
    $800 24
a batch

Cathy
    $800 19
a wreath

Sally
    $1000 30
(Charles) de Gaulle

Cathy
    $1000 10
(Ernie) Davis

Sally
    $1000 9
(Alex: And how quickly you seem to have forgotten [*].)

Mary Quant

Triple Stumper
    $1000 15
[Applause for Sally and Cathy's performance in the category]

Alabama, Iowa, Pennsylvania

Sally
    $1000 25
a teaspoon

Sally
    $1000 20
a league

Aaron

Scores at the first commercial break (after clue 15):

Aaron Sally Cathy
$800 $4,200 $2,600

Scores at the end of the Jeopardy! Round:

Aaron Sally Cathy
$3,800 $7,000 $5,200

Double Jeopardy! Round responses

PROPHET REPORT
ROCK BAND INITIALS
RED FISH, BLUE FISH
WE'RE GOING BACKWARDS
ARE YOU AN -INI?
OR AN "AUDI"
    $400 7
Muhammad

Aaron
    $400 2
Creedence Clearwater Revival

Aaron
    $400 1
a cardinal

Cathy
    $400 10
a reverse mortgage

Cathy
    $400 15
Houdini

Cathy
    $400 20
audition

Aaron
    $800 8
Daniel

Aaron
    $800 3
Guns N' Roses

Aaron
    $800 25
a marlin

Aaron
    $800 11
devolution

Sally
    $800 16
Mussolini

Cathy
    $800 21
an auditor

Sally
    $1200 9
Tippecanoe

Sally
    $1200 4
Electric Light Orchestra

Aaron
    $1200 26
a scorpion

Aaron
    $1200 12
(Sally: What is down?)
(Aaron: What is toward the light?)

counterclockwise

AaronSally
Triple Stumper
    $1200 17
(Roberto) Rossellini

Cathy
    $1200 22
auditorium

Aaron
    $1600 27
(Sally: Who is Elijah?)

Jeremiah

Sally
Triple Stumper
    $1600 5
Dave Matthews Band

Sally
    $1600 29
Siamese fighting fish

Cathy
    $1600 13
(Alex: ...and don't give me my name!)

regression

Aaron
    $1600 18
Bernini

Triple Stumper
    $1600 23
an audiobook

Sally
    $1,000 28
(Aaron: What is The Tempest?)

Troilus and Cressida

Aaron
    $2000 6
Nine Inch Nails

Aaron
    $2000 30
(Aaron: What is the Chilean sea bass?)

red snapper

Aaron
Triple Stumper
    $2000 14
retrograde

Sally
    $2,000 19
(Alex: The opera, of course, Tosca.)

(Arturo) Toscanini

Cathy
    $2000 24
Audie Murphy

Cathy

Scores at the end of the Double Jeopardy! Round:

Aaron Sally Cathy
$10,400 $12,200 $14,000

[wagering suggestions for these scores]

Final Jeopardy! Round responses

ENGLISH POETS
AaronWho is Elizabeth Barrett Browning?
$3,600
SallyWho is ?
$1,800
CathyWho is Elizabeth Browning?
$10,401
Elizabeth Barrett Browning

Final scores:

Aaron Sally Cathy
$14,000 $10,400 $24,401
2nd place: $2,000 3rd place: $1,000 New champion: $24,401

Game dynamics:

Coryat scores:

Aaron Sally Cathy
$11,400 $11,800 $14,000
18 R,
3 W
(including 1 DD)
16 R
(including 1 DD),
2 W
19 R
(including 1 DD),
1 W

Combined Coryat: $37,200

[game clues] [game scores] [suggest correction]

Game tape date: 2010-02-10
The J! Archive is created by fans, for fans. Scraping, republication, monetization, and malicious use prohibited; this site may use cookies and collect identifying information. See terms. The Jeopardy! game show and all elements thereof, including but not limited to copyright and trademark thereto, are the property of Jeopardy Productions, Inc. and are protected under law. This website is not affiliated with, sponsored by, or operated by Jeopardy Productions, Inc. Join the discussion at JBoard.tv.